000 00786nam a22002297a 4500
003 OSt
005 20230224103523.0
008 220916b |||||||| |||| 00| 0 eng d
040 _cBiblioteca Lado V
082 _a741.64
_bA864i
100 _9748
_aAlonso, Digdora
_eautor
245 _aInteriores II/
260 _aCuba
_bEdiciones VigĂ­a
_c2000
300 _a6p.
_c10x28cm
_bLIBRO INTERVENIDO ARTISTICAMENTE DESDE LA PORTADA
650 _2Tesauro de Arte & Arquitectura
_aLIBRO-ARTE
650 _2Tesauro de Arte & Arquitectura
_aCuento
650 _2Tesauro de Arte & Arquitectura
_aLITERATURA
651 _2Tesauro de Arte & Arquitectura
_aCUBA
700 _aEstevez, Rolando
_eartista
700 _aRuiz Montes, Laura
942 _2ddc
_c1
_h741.64
_iA864i
_n0
999 _c3062
_d3062